[Event "HET A-Gruppe 2024"]
[Site "?"]
[Date "2024.05.20"]
[Round "3.1"]
[White "Wokel, Justus"]
[Black "Gerdts, Martina"]
[Result "1-0"]
[WhiteElo "1708"]
[BlackElo "1662"]
[PlyCount "107"]
[GameId "2047410710483585"]
[EventDate "2024.??.??"]
[WhiteTeam "Hamburger SK von 1830 eV"]
[BlackTeam "Hamburger SK von 1830 eV"]

{[%evp 0,54,19,12,13,-16,36,31,31,27,27,24,34,43,65,43,30,30,20,-5,102,127,485,490,484,483,482,457,482,459,459,437,464,459,448,443,439,439,439,439,439,439,431,429,473,439,473,477,465,452,465,465,491,479,534,520,519]} 1. d4 d5 2. c4 e5 3. dxe5 d4 4. Nf3 Nc6 5. g3 Nge7 6. Bg2 Ng6 7. O-O Ngxe5 8. Nxe5 Nxe5 9. Re1 Qf6 10. Qxd4 Nf3+ 11. exf3+ Be6 12. Qxf6 gxf6 13. Bh3 Kd7 14. Bxe6+ fxe6 15. Nc3 Rd8 16. Rd1+ Kc8 17. Rxd8+ Kxd8 18. Be3 a6 19. Rd1+ Kc8 20. Ne4 Be7 21. f4 Rg8 22. Nc5 e5 23. fxe5 fxe5 24. Nd3 Bf6 25. Nc5 Rg4 26. b3 h5 27. f3 Rg8 28. Ne4 Bg7 29. Bd2 Rd8 30. Kf2 Bh6 31. Ke2 Bg7 32. Bc3 Re8 33. Kf2 Rf8 34. Rd5 Rf5 35. f4 c6 36. Nd6+ Kc7 37. Nxf5 cxd5 38. Nxg7 d4 39. Bxd4 exd4 40. Ne6+ Kd6 41. Nxd4 Ke7 42. f5 Kf6 43. h3 h4 44. g4 a5 45. Kf3 b6 46. Kf4 a4 47. g5+ Kf7 48. g6+ Kf6 49. Ne6 axb3 50. axb3 Ke7 51. Ke5 Ke8 52. Kd6 b5 53. f6 b4 54. f7# 1-0

[Event "HET A-Gruppe 2024"]
[Site "?"]
[Date "2024.05.20"]
[Round "3.2"]
[White "Parindra, Jason"]
[Black "Kellner, Anton"]
[Result "0-1"]
[WhiteElo "1662"]
[BlackElo "1680"]
[PlyCount "72"]
[GameId "2047407246209645"]
[EventDate "2024.??.??"]
[WhiteTeam "SC Diogenes e.V."]
[BlackTeam "Hamburger SK von 1830 eV"]

{[%evp 0,40,28,25,51,59,63,61,82,50,20,4,-7,-14,10,-32,-51,-65,-91,-95,-18,-18,-24,-73,-85,-87,-25,-5,-11,-34,-36,-46,4,-12,-25,-93,-87,-230,-136,-136,-116,-86,-18]} 1. e4 c6 2. d4 d5 3. e5 c5 4. c3 Nc6 5. f4 cxd4 6. cxd4 Qb6 7. Nf3 Bg4 8. Nc3 Bxf3 9. gxf3 Qxd4 10. Qxd4 Nxd4 11. Nxd5 O-O-O 12. Ne3 Nxf3+ 13. Kf2 Nd4 14. Bg2 e6 15. Rd1 Bc5 16. Bd2 Kb8 17. b4 Bb6 18. a4 Nb3 19. Ra2 Nh6 20. Ke2 Nxd2 21. Raxd2 Rxd2+ 22. Rxd2 Rd8 23. Rc2 Bxe3 24. Kxe3 Nf5+ 25. Kf2 Rd4 26. Rb2 Rxf4+ 27. Ke2 g5 28. a5 Nd4+ 29. Kd3 Nc6 30. b5 Nxe5+ 31. Ke2 Rd4 32. b6 a6 33. Rc2 f5 34. Rc7 Rd7 35. Rc5 Nd3 36. Rc3 Nf4+ 0-1

[Event "HET A-Gruppe 2024"]
[Site "?"]
[Date "2024.05.20"]
[Round "3.3"]
[White "Ngo, Nam Hai"]
[Black "Wolff, Ole"]
[Result "0-1"]
[WhiteElo "1532"]
[BlackElo "1566"]
[PlyCount "104"]
[GameId "2047413792019093"]
[EventDate "2024.??.??"]
[WhiteTeam "Hamburger SK von 1830 eV"]
[BlackTeam "SchVgg Blankenese von 1923 e.V."]

{[%evp 0,46,16,4,51,37,36,25,10,-71,-60,-55,-55,-61,-96,-99,-67,-59,-55,-54,-43,-98,-43,-42,-28,-26,-24,-11,-25,-30,-33,-24,-36,-16,-28,-54,-28,-11,-18,-12,-15,-40,-40,-21,-40,-28,5,-15,-5]} 1. e4 e6 2. d4 d5 3. e5 c5 4. Qg4 cxd4 5. Nf3 Nc6 6. Bd3 Nge7 7. O-O Ng6 8. Qg3 Be7 9. a3 O-O 10. Re1 Bd7 11. Nbd2 a6 12. Nb3 Rc8 13. Nbxd4 Nxd4 14. Nxd4 Qb6 15. c3 Bc5 16. Nf3 Bb5 17. Bxg6 fxg6 18. Be3 Bxe3 19. Rxe3 Rf7 20. Ng5 Rf5 21. Qh4 h6 22. Nf3 Rcf8 23. Rd1 g5 24. Qh5 Be8 25. Qh3 Qxb2 26. Rd2 Qc1+ 27. Re1 Qxc3 28. Red1 Qxa3 29. Rd3 Qc5 30. R3d2 Qa3 31. Rd3 Qe7 32. Re1 g4 33. Qxg4 Bh5 34. Qh3 Bxf3 35. gxf3 Qg5+ 36. Kh1 Rxe5 37. Rg1 Qf6 38. f4 Qxf4 39. Rdg3 Rf7 40. Rg4 Qf6 41. Rg6 Qf3+ 42. Qxf3 Rxf3 43. Rxg7+ Kf8 44. Rxb7 Rxf2 45. Rc1 Rf7 46. Rb8+ Kg7 47. Ra8 Kf6 48. Rxa6 Rg7 49. Ra2 Re4 50. h3 Ke5 51. Rc5 Re3 52. Rac2 Rgg3 0-1

[Event "HET A-Gruppe 2024"]
[Site "?"]
[Date "2024.05.20"]
[Round "3.4"]
[White "Babychev, Mykhailo"]
[Black "Kriz, Leonard"]
[Result "0-1"]
[WhiteElo "1626"]
[BlackElo "1768"]
[PlyCount "62"]
[GameId "2047409441231479"]
[EventDate "2024.??.??"]
[WhiteTeam "Hamburger SK von 1830 eV"]
[BlackTeam "Bramfelder SK 1947 e.V."]

{[%evp 0,62,23,27,32,-10,19,18,18,12,32,29,27,23,50,-11,61,60,17,-33,22,-40,-3,-11,-31,-35,-30,-101,34,-45,99,62,135,-119,-191,-166,-62,-43,-57,-24,-2,10,27,-2,-22,-90,-101,-77,-73,-116,-118,-126,-158,-212,-173,-216,-212,-242,-194,-193,-237,-640,-623,-671,-686]} 1. d4 Nf6 2. c4 e5 3. dxe5 Ng4 4. Nf3 Bc5 5. e3 Nc6 6. a3 a5 7. b3 O-O 8. Bb2 Re8 9. Qd2 Ra6 10. Bd3 Ncxe5 11. Nxe5 Nxe5 12. Bc2 Qg5 13. Nc3 Rd6 14. Nd5 Ng4 15. Qd3 Qh6 16. Bc1 c6 17. Qf5 cxd5 18. Qxg4 d4 19. e4 Qg6 20. Qxg6 hxg6 21. Bd3 Rb6 22. Bc2 d3 23. Bxd3 Rxb3 24. Ke2 Bxf2 25. Bc2 Rc3 26. Ra2 Bc5 27. Rf1 b6 28. Bd3 Ba6 29. Kd2 Rxc4 30. Bxc4 Bxc4 31. Rf4 Bxa2 0-1

[Event "HET A-Gruppe 2024"]
[Site "?"]
[Date "2024.05.20"]
[Round "3.5"]
[White "Lüthje, Max"]
[Black "Tscherepanov, Leon"]
[Result "1/2-1/2"]
[WhiteElo "1755"]
[BlackElo "1813"]
[PlyCount "79"]
[GameId "2047405405311585"]
[EventDate "2024.??.??"]
[WhiteTeam "SC Diogenes e.V."]
[BlackTeam "Hamburger SK von 1830 eV"]

{[%evp 0,53,27,25,51,15,15,7,18,19,46,47,47,37,50,62,53,43,37,44,44,47,58,14,24,29,24,19,32,15,13,3,40,44,35,27,10,-16,26,33,9,9,12,-3,40,13,14,0,0,7,4,8,8,-18,-14,-13]} 1. e4 e6 2. Qe2 c5 3. g3 b6 4. Bg2 Ba6 5. d3 Nc6 6. Nf3 Rc8 7. O-O h6 8. Bd2 Nf6 9. e5 Nh7 10. h4 Be7 11. Bc3 O-O 12. Nbd2 d6 13. exd6 Bxd6 14. Ne4 Be7 15. Ne5 Nxe5 16. Bxe5 Nf6 17. a4 Nxe4 18. Qxe4 Bf6 19. Rfe1 Bxe5 20. Qxe5 Qd7 21. Re4 Rc7 22. Rae1 Bc8 23. b3 f6 24. Qc3 e5 25. R4e3 Bb7 26. Be4 Bxe4 27. Rxe4 Qf7 28. Qd2 Re7 29. Qe2 Rfe8 30. f4 Qd5 31. Qg4 Qd6 32. f5 Qd5 33. Qg6 Qf7 34. h5 Qxg6 35. hxg6 Rd8 36. Kf2 Red7 37. Rc4 Rd4 38. Re4 Kf8 39. Ke2 Ke7 40. Ke3 1/2-1/2

[Event "HET A-Gruppe 2024"]
[Site "?"]
[Date "2024.05.20"]
[Round "3.6"]
[White "Queißer, Jens"]
[Black "Morou, Halid"]
[Result "0-1"]
[WhiteElo "1632"]
[BlackElo "1752"]
[PlyCount "96"]
[GameId "2047402747367999"]
[EventDate "2024.??.??"]
[WhiteTeam "Hamburger SK von 1830 eV"]
[BlackTeam "Königsspr. SC.1984 e.V."]

{[%evp 0,96,16,28,26,30,25,18,18,-6,-17,-22,20,21,3,-22,-10,-12,-12,-25,-2,-14,13,-19,3,-5,7,-102,-108,-96,-114,-107,-100,-130,-114,-131,-163,-171,-127,-157,-140,-427,-427,-343,-286,-427,-427,-427,-427,-427,-418,-426,-422,-422,-416,-461,-461,-459,-454,-464,-412,-418,-425,-423,-397,-412,-381,-429,-433,-556,-446,-446,-448,-477,-447,-443,-455,-568,-521,-513,-437,-664,-664,-591,-637,-525,-736,-949,-898,-908,-1144,-1273,-1357,-1574,-1272,-29977,-29978,-29979,-29980]} 1. d4 e6 2. Nf3 Nf6 3. g3 c5 4. c3 Nc6 5. Bg2 Be7 6. O-O O-O 7. Nbd2 d5 8. dxc5 Bxc5 9. b4 Bb6 10. a4 a6 11. Qc2 Qc7 12. a5 Ba7 13. Nb3 Nxb4 14. Qb1 Nc6 15. Ba3 Rd8 16. Nfd4 Ne5 17. Rc1 Nc4 18. Bb4 b5 19. axb6 Bxb6 20. Ba5 Nxa5 21. Nxa5 Bxa5 22. Rxa5 Qxa5 23. Nc6 Qc7 24. Nxd8 Qxd8 25. c4 Bd7 26. cxd5 Nxd5 27. Qb7 Bb5 28. e4 Rb8 29. Qa7 Qb6 30. Qxb6 Nxb6 31. e5 Rc8 32. Rd1 Nd5 33. f4 Ne3 34. Rd2 Nxg2 35. Kxg2 a5 36. Kf2 h6 37. Ke3 a4 38. Rb2 Rc3+ 39. Kd4 Rb3 40. Rxb3 axb3 41. Kc3 Bc4 42. Kb2 Kh7 43. Kc3 Kg6 44. g4 h5 45. h3 hxg4 46. hxg4 f5 47. gxf5+ Kxf5 48. Kd2 Kxf4 0-1

[Event "HET A-Gruppe 2024"]
[Site "?"]
[Date "2024.05.20"]
[Round "3.8"]
[White "Schenk, Michael"]
[Black "Fieron, Andreas"]
[Result "1/2-1/2"]
[WhiteElo "1690"]
[BlackElo "1733"]
[PlyCount "83"]
[GameId "2047412315660939"]
[EventDate "2024.??.??"]
[WhiteTeam "Hamburger SK von 1830 eV"]
[BlackTeam "Niendorfer TSV 1919 SAbt"]

{[%evp 0,56,27,4,46,14,31,-6,12,22,0,-8,-12,-75,-59,-58,-42,-39,14,-17,4,-5,-12,-13,10,-6,18,-3,-3,-18,-13,-35,-31,-51,-51,-49,-46,-45,-52,-41,25,-52,-28,-25,-26,-48,-36,-36,-30,0,1,1,-8,-11,-9,-10,-6,-6,2]} 1. e4 c5 2. d4 cxd4 3. c3 e5 4. cxd4 exd4 5. Qxd4 Nc6 6. Qd1 Nf6 7. Nc3 Bc5 8. Nf3 h6 9. h3 d6 10. Bc4 O-O 11. O-O a6 12. a3 Re8 13. Qc2 Nd4 14. Nxd4 Bxd4 15. Bd3 Be6 16. Bd2 Qb6 17. Rac1 Rac8 18. Qb1 Bb3 19. Rce1 Qc5 20. Be3 Qe5 21. Bxd4 Qxd4 22. Ne2 Qe5 23. Ng3 Bc4 24. Nf5 Bxd3 25. Qxd3 Nxe4 26. Rxe4 Qxe4 27. Qxe4 Rxe4 28. Nxd6 Rce8 29. Nxe8 Rxe8 30. Rb1 Re2 31. Kf1 Rc2 32. b4 Ra2 33. Rb3 b5 34. g4 g5 35. Kg2 Kg7 36. Rc3 f6 37. Kf3 Kg6 38. Ke3 Ra1 39. Kf3 h5 40. Kg2 h4 41. Rf3 Ra2 42. Rd3 1/2-1/2

[Event "HET A-Gruppe 2024"]
[Site "?"]
[Date "2024.05.20"]
[Round "3.9"]
[White "Henzler, Timofej"]
[Black "Böhler, Yannic"]
[Result "1-0"]
[WhiteElo "1722"]
[BlackElo "1701"]
[PlyCount "59"]
[GameId "2047415872742047"]
[EventDate "2024.??.??"]
[WhiteTeam "Hamburger SK von 1830 eV"]
[BlackTeam "SC Schachelschweine e.V."]

{[%evp 0,49,27,13,32,-14,-4,6,22,16,31,19,48,29,14,15,13,13,22,23,21,23,23,0,12,-12,14,14,15,15,19,-19,-39,-83,-83,-113,24,18,48,22,2,-5,-6,-57,1,-9,95,19,-2,0,-7,-1]} 1. d4 Nf6 2. c4 e6 3. Nf3 c5 4. e3 cxd4 5. exd4 Bb4+ 6. Bd2 Bxd2+ 7. Nbxd2 O-O 8. Bd3 b6 9. O-O Bb7 10. Rc1 d5 11. Ne5 Nbd7 12. f4 dxc4 13. Ndxc4 Qe7 14. Qe1 Nd5 15. Nxd7 Qxd7 16. Qh4 Nf6 17. f5 h6 18. fxe6 Qxe6 19. Ne5 Rac8 20. a3 Qd5 21. Qf2 b5 22. Kh1 Bc6 23. Nxc6 Rxc6 24. Rxc6 Qxc6 25. Qf5 a6 26. Qc5 Rc8 27. Rc1 Qxc5 28. dxc5 Kf8 29. Kg1 Ng4 30. Bf5 1-0

[Event "HET A-Gruppe 2024"]
[Site "?"]
[Date "2024.05.20"]
[Round "3.10"]
[White "Botzet, Michael"]
[Black "Frackowiak, Stanislaw"]
[Result "1/2-1/2"]
[WhiteElo "1669"]
[BlackElo "1720"]
[PlyCount "61"]
[GameId "2047417206792875"]
[EventDate "2024.??.??"]
[WhiteTeam "Hamburger SK von 1830 eV"]
[BlackTeam "Hamburger SK von 1830 eV"]

{[%evp 0,48,13,31,66,41,45,9,20,3,76,65,99,93,121,110,130,116,99,-133,75,-49,0,-33,-33,-33,41,41,63,34,118,86,120,52,128,138,152,69,103,102,306,89,245,99,177,114,127,76,97,77,113]} 1. e4 c5 2. Nf3 Nc6 3. c3 Nf6 4. e5 Ng4 5. d4 cxd4 6. cxd4 Qc7 7. h3 Nh6 8. Bd3 d6 9. Qe2 Nf5 10. Bxf5 Bxf5 11. O-O dxe5 12. dxe5 e6 13. Nc3 Rd8 14. Bg5 Be7 15. Nb5 Qb8 16. Nd6+ Kf8 17. Bxe7+ Kxe7 18. Ng5 Bg6 19. f4 h6 20. Nge4 Nd4 21. Qg4 Nf5 22. Rae1 Qc7 23. Qe2 Qb6+ 24. Kh2 h5 25. Nxf5+ Bxf5 26. Nd6 g6 27. b3 Rd7 28. Qc4 Rc7 29. Nxf5+ exf5 30. Qe2 h4 31. Rc1 1/2-1/2

[Event "HET A-Gruppe 2024"]
[Site "?"]
[Date "2024.05.20"]
[Round "3.11"]
[White "Klaeke, Gregor"]
[Black "Kock, Rudolf"]
[Result "1-0"]
[WhiteElo "1703"]
[BlackElo "1657"]
[PlyCount "112"]
[GameId "2047405357433429"]
[EventDate "2024.??.??"]
[WhiteTeam "Niendorfer TSV 1919 SAbt"]
[BlackTeam "SF Hamburg e.V. 1934"]

{[%evp 0,51,28,33,75,70,74,60,75,48,85,72,71,71,62,62,85,78,58,49,34,0,109,109,215,147,139,3,105,28,27,29,29,68,137,143,178,112,103,36,39,59,82,86,86,52,59,59,59,59,72,76,66,45]} 1. e4 d6 2. d4 e5 3. Nf3 Bg4 4. Be2 exd4 5. Nxd4 Bxe2 6. Qxe2 Nd7 7. Nc3 a6 8. O-O g6 9. f4 Bg7 10. Qd3 c5 11. Nde2 Bh6 12. Qh3 Bg7 13. Nd5 h6 14. Rb1 Ngf6 15. Nec3 Nxd5 16. Nxd5 Bd4+ 17. Be3 Bxe3+ 18. Qxe3 O-O 19. Qg3 Nf6 20. Nc3 Kh7 21. Rbd1 Qb6 22. b3 c4+ 23. Kh1 cxb3 24. cxb3 Qc6 25. e5 Nh5 26. Qe3 Qc5 27. Qf3 Qc6 28. Qxc6 bxc6 29. Rxd6 Ng7 30. Rxc6 Rfc8 31. Rxc8 Rxc8 32. Rf3 Nf5 33. g3 Kg7 34. Kg2 h5 35. Kf2 Nd4 36. Rd3 Nc2 37. Ke2 Nb4 38. Re3 Nxa2 39. Nxa2 Rc2+ 40. Kd3 Rxa2 41. h4 Ra1 42. Kc4 Kf8 43. Kc5 Ke7 44. Rd3 a5 45. Kb5 Ra2 46. Rc3 Kd7 47. Rc6 a4 48. Rd6+ Ke7 49. bxa4 Ra3 50. a5 Rb3+ 51. Ka4 Rxg3 52. a6 Rg1 53. Rd3 Rc1 54. a7 Rc8 55. Ka5 Ra8 56. Kb6 Ke6 1-0